00563nam a2200169Ia 4500008004100000100002400041245007600065245002400141260005900165260000900224300000900233650001800242650001500260856002600275999001900301952007300320170221s9999 xx 000 0 und d aMesfin Awoke Bekalu aCommunicating Ideologies: An Examination of Web Definitional Examples  cMesfin Awoke Bekalu bOnline Journal of Communication and Media Technologies c2016 a10 : xCommunication xMedia Arts uhttp://www.ojcmt.net/ c313005d313005 001040aCLbCLd2017-02-21l0r2017-02-21 00:00:00w2017-02-21yFOJ